| 000 | 01899nam a2200445 a 4500 | ||
|---|---|---|---|
| 001 | ebr10555684 | ||
| 003 | CaPaEBR | ||
| 006 | m u | ||
| 007 | cr cn||||||||| | ||
| 008 | 120112s2012 mnu sb 001 0beng d | ||
| 010 | _z 2012000476 | ||
| 020 | _z9780816677863 (hc alk. paper) | ||
| 020 | _z9780816677870 (pb alk. paper) | ||
| 020 | _z9780816680368 (e-book) | ||
| 040 |
_aCaPaEBR _cCaPaEBR |
||
| 035 | _a(OCoLC)792741464 | ||
| 043 |
_an-us--- _an-us-ca |
||
| 050 | 1 | 4 |
_aF870.J3 _bF87 2012eb |
| 082 | 0 | 4 |
_a323.092 _aB _223 |
| 100 | 1 | _aFujino, Diane Carol. | |
| 245 | 1 | 0 |
_aSamurai among panthers _h[electronic resource] : _bRichard Aoki on race, resistance, and a paradoxical life / _cDiane C. Fujino. |
| 260 |
_aMinneapolis : _bUniversity of Minnesota Press, _cc2012. |
||
| 300 | _axxxi, 441 p. | ||
| 490 | 1 | _aCritical American studies | |
| 504 | _aIncludes bibliographical references and index. | ||
| 533 |
_aElectronic reproduction. _bPalo Alto, Calif. : _cebrary, _d2011. _nAvailable via World Wide Web. _nAccess may be limited to ebrary affiliated libraries. |
||
| 600 | 1 | 0 |
_aAoki, Richard, _d1938-2009. |
| 610 | 2 | 0 |
_aBlack Panther Party _vBiography. |
| 610 | 2 | 0 |
_aAsian American Political Alliance (Berkeley, Calif.) _vBiography. |
| 650 | 0 |
_aCivil rights movements _zUnited States _xHistory _y20th century. |
|
| 650 | 0 |
_aAsian Americans _xCivil rights _xHistory _y20th century. |
|
| 650 | 0 |
_aAfrican Americans _xCivil rights _xHistory _y20th century. |
|
| 650 | 0 |
_aPolitical activists _zCalifornia _vBiography. |
|
| 650 | 0 |
_aJapanese Americans _zCalifornia _vBiography. |
|
| 651 | 0 |
_aUnited States _xRace relations. |
|
| 655 | 7 |
_aElectronic books. _2local |
|
| 710 | 2 | _aebrary, Inc. | |
| 830 | 0 | _aCritical American studies series. | |
| 856 | 4 | 0 |
_uhttp://site.ebrary.com/lib/rucke/Doc?id=10555684 _zAn electronic book accessible through the World Wide Web; click to view |
| 999 |
_c89221 _d89221 |
||